00402nam a2200157 a 450000100060000000300090000600800410001502000150005604000280007108200170009910000240011624500250014026000470016530000100021265000220022214870CO-ViMGA141112s2004 ck r 000 u spa d a9800104739 aCO-ViMGAbspacCO-ViMGA04aV861.6 V351a1 aVelásquez, Lucila10aAlgo que transparece aCaracas(V), cMonte Avila editores, c1991 a82.p.14aPOESIA VENEZOLANA